Municipalities in Västra Götaland County, Sweden - Statistics

General Stats
  • This quiz has been taken 77 times
  • The average score is 28 of 49
Answers on the Map
Answers color-coded by a green-red scale on the quiz's map according to % correct below.
 
Answer Stats
Answer % Correct
Göteborg
92%
Trollhättan
87%
Borås
82%
Lysekil
79%
Alingsås
76%
Mariestad
74%
Vänersborg
74%
Kungälv
71%
Mölndal
71%
Strömstad
71%
Åmål
68%
Lidköping
68%
Partille
68%
Skövde
68%
Stenungsund
68%
Tjörn
68%
Uddevalla
68%
Lerum
66%
Falköping
63%
Mellerud
63%
Öckerö
63%
Skara
63%
Hjo
61%
Orust
61%
Ale
58%
Tanum
58%
Bengtsfors
55%
Lilla Edet
55%
Ulricehamn
55%
Mark
53%
Härryda
50%
Herrljunga
50%
Tidaholm
50%
Grästorp
47%
Vara
47%
Dals-Ed
45%
Färgelanda
45%
Munkedal
45%
Sotenäs
45%
Vårgårda
45%
Bollebygd
42%
Svenljunga
42%
Götene
39%
Tibro
37%
Tranemo
37%
Gullspång
34%
Töreboda
29%
Essunga
26%
Karlsborg
11%
No matching quizzes found
Score Distribution
Percent of People with Each Score
Percentile by Number Answered
Your Score History
You have not taken this quiz